Contradicciones y límites del Plan de Convertibilidad /

Salvato in:
Dettagli Bibliografici
Autore principale: Macedo Cintra, Marcos Antônio
Altri autori: Farhi, Maryse
Natura: testo
Soggetti:
Tags: Aggiungi Tag
Nessun Tag, puoi essere il primo ad aggiungerne!!

MARC

LEADER 00000 a a2200000 04500
001 10675
003
040
100 |a Macedo Cintra, Marcos Antônio  
245 |a Contradicciones y límites del Plan de Convertibilidad /  |c Marcos Antônio Macedo Cintra 
650 |a CONVERTIBILIDAD  
650 |a LIBERALIZACION DE MERCADOS FINANCIEROS  
650 |a POLITICA MONETARIA  
650 |a CRISIS MONETARIA  
650 |a SECTOR PUBLICO  
650 |a ENDEUDAMIENTO  
650 |a DESREGLAMENTACION  
700 |a Farhi, Maryse  
773 |g número 179; páginas 89-111  
999 |c 21242  |d 21242